The Minecraft Movie Quiz - Statistics

General Stats
  • This quiz has been taken 25 times
  • The average score is 14 of 25
Answer Stats
Hint Answer % Correct
Complete the Quote Flint and _____! steel
91%
Complete the Quote Coming in ___! hot
87%
Name the Actor Steve Jack Black
87%
Complete the Quote I... am _____. Steve
87%
What line had movie theaters in chaos? Chicken Jockey
78%
Is this movie goated? Hell yeah
78%
Complete the Quote Steve's ____ _______, yeah it's tasty as hell! lava chicken
78%
Complete the Quote As a child I yearned for the _____. mines
78%
Complete the Quote Oh these dudes? They're the _________! villagers
74%
Complete the Quote Water bucket, _______! release
65%
Which Minecraft Youtuber did the movie pay tribute to? Technoblade
65%
Name the Actor Garrett Jason Mamoa
61%
Complete the Quote They love crushing ____. loaf
61%
Complete the Quote First we ____, then we _____ mine craft
61%
What did Garrett accidentally use? (Steve only had one) Ender Pearl
57%
Complete the Quote Diamond armor, ____ ___! full set
48%
Who is the Piglin general? General {Chungus}
48%
What did Henry invent at school? A jetpack
43%
What is Steve's dog's name? Dennis
43%
What's Garrett's nickname? Garbage Man
43%
General Trivia What state is the movie set in? Idaho
30%
What's the name of the Villager that went out with the principal? Nitwit
22%
Name the Actor Henry Sebastian Eugene Hansen
22%
Name the Actor Natalie Emma Myers
17%
Name the Actor Dawn Danielle Brooks
13%
No matching quizzes found
Score Distribution
Percent of People with Each Score
Percentile by Number Answered
Your Score History
You have not taken this quiz